| 000 | 00737cad a22002055a 4500 | ||
|---|---|---|---|
| 001 | L153993 | ||
| 008 | 110930e2011 xxk 000 0 eng d | ||
| 035 | _a(Sirsi) u153993 | ||
| 041 | 0 | _aeng | |
| 100 | 1 | _aHollander, Gavriel | |
| 245 | 0 | 4 | _aThe green gap |
| 260 | _c2011 | ||
| 490 |
_aInside Housing _v30 September 2011 |
||
| 520 | _aInvestigates the likely focus of the new government committe to ensure eco-homes are up to standard. | ||
| 590 | _aKA | ||
| 651 | 4 |
_aUnited Kingdom _y |
|
| 690 | _aPROPERTY-RESIDENTIAL PROPERTY-DOMESTIC RESIDENTIAL PROPERTY-HOUSING | ||
| 856 | 4 | 0 |
_uhttps://www.insidehousing.co.uk/sustainability/the-green-gap/6518073.article _zView the item free of charge at www.insidehousing.co.uk |
| 942 | _n0 | ||
| 999 |
_c83439 _d83439 |
||